000
00313nam a22001337a 4500
008
181017b xxu||||| |||| 00| 0 eng d
020
_a
9781451115949
041
_a
eng
080
_2
6th
_a
617
100
_a
5
101
_a
KIR
245
_a
The Washington Manual of Surgery
_c
Klingensmith,M.E
942
_2
udc
_c
BK
999
_c
49981
_d
49981